[Event "zonal 2.3"]
[Site "San Salvador ESA"]
[Date "1995.12.??"]
[Round "?"]
[White "Barrios, Ramon"]
[Black "Santa Torres, Luis"]
[Result "1/2-1/2"]
[WhiteElo "2155"]
[BlackElo "2285"]
[EventDate "1995.12.??"]
[PlyCount "29"]

1.e4 e6 2.d4 d5 3.e5 c5 4.c3 Nc6 5.Nf3 Bd7 6.Bd3 Qb6 7.O-O cxd4 8.cxd4 
Nxd4 9.Nxd4 Qxd4 10.Nc3 Qxe5 11.Re1 Qb8 12.Qf3 Bd6 13.Qxd5 Nf6 14.Qg5 Kf8 
15.Qh4 1/2-1/2

[Event "zonal 2.3"]
[Site "San Salvador ESA"]
[Date "1995.12.??"]
[Round "?"]
[White "Barrios, Ramon"]
[Black "Zapata, Alonso"]
[Result "0-1"]
[WhiteElo "2155"]
[BlackElo "2530"]
[EventDate "1995.12.??"]
[PlyCount "66"]

1.e4 c5 2.Nf3 g6 3.d4 Bg7 4.Nc3 Qa5 5.Be2 Nc6 6.Be3 Nf6 7.O-O Ng4 8.Qd2 
cxd4 9.Nxd4 Nxe3 10.fxe3 O-O 11.Rad1 Qg5 12.Rf3 Qe5 13.Qe1 a6 14.Qh4 e6 
15.Rh3 h6 16.Rg3 b5 17.a3 Bb7 18.Bf1 Qc7 19.Nce2 Ne5 20.Nc3 Rac8 21.Bd3 
Qb6 22.Rf1 b4 23.axb4 Qxb4 24.Nce2 Qxb2 25.Nf4 g5 26.Qh3 gxf4 27.Rxg7+ 
Kxg7 28.Rxf4 Ng6 29.Qg3 Rc5 30.Nf5+ exf5 31.exf5 Kh8 32.fxg6 Rg5 33.g7+ 
Qxg7 0-1

[Event "zonal 2.3"]
[Site "San Salvador ESA"]
[Date "1995.12.??"]
[Round "?"]
[White "Davila, Carlos"]
[Black "Juarez Flores, Carlos Armando"]
[Result "0-1"]
[WhiteElo "2310"]
[BlackElo "2415"]
[EventDate "1995.12.??"]
[PlyCount "62"]

1.e4 e6 2.d4 d5 3.e5 c5 4.c3 Qb6 5.Nf3 Bd7 6.Bd3 cxd4 7.cxd4 Nc6 8.O-O 
Nxd4 9.Nxd4 Qxd4 10.Nc3 a6 11.Qe2 Qb6 12.Kh1 Ne7 13.f4 h5 14.Be3 d4 15.Bf2
h4 16.h3 Bc6 17.Rac1 Qd8 18.Ne4 Nf5 19.Rxc6 bxc6 20.Qc2 Qd7 21.Rc1 Be7 22.
Nc5 Bxc5 23.Qxc5 Qd5 24.Qa3 Rd8 25.Rc5 Qd7 26.Rc4 Ne3 27.Rc5 Qe7 28.Be4 
O-O 29.Bxe3 dxe3 30.Qxe3 Rd1+ 31.Kh2 Rfd8 0-1

[Event "zonal 2.3"]
[Site "San Salvador ESA"]
[Date "1995.12.??"]
[Round "?"]
[White "Denny, Kevin"]
[Black "Fernandez, Marino"]
[Result "1-0"]
[WhiteElo "2225"]
[BlackElo "2230"]
[EventDate "1995.12.??"]
[PlyCount "80"]

1.e4 e5 2.Bc4 Nf6 3.d3 Be7 4.Nc3 O-O 5.f4 d6 6.Nf3 Nc6 7.f5 Na5 8.Qe2 c6 
9.Bb3 b5 10.g4 b4 11.Nd1 d5 12.g5 dxe4 13.dxe4 Nxb3 14.axb3 Nd7 15.Nf2 a5 
16.Ng4 Kh8 17.Qg2 Bc5 18.Qh3 Kg8 19.g6 fxg6 20.fxg6 h6 21.Bxh6 Rxf3 22.
Qxf3 Qh4+ 23.Qg3 Qxg3+ 24.hxg3 gxh6 25.Nxh6+ Kg7 26.Nf5+ Kxg6 27.O-O-O Nf6
28.Rh6+ Kf7 29.Nd6+ Ke6 30.Nc4 Ba6 31.Kb1 Bxc4 32.bxc4 Rg8 33.Rf1 Be7 34.
Rg1 Rg4 35.Rh4 Rxe4 36.g4 Bc5 37.Rg2 Rxc4 38.Rh6 Bf8 39.Rh8 Bg7 40.Rc8 
Nxg4 1-0

[Event "zonal 2.3"]
[Site "San Salvador ESA"]
[Date "1995.12.??"]
[Round "?"]
[White "Denny, Kevin"]
[Black "Garcia, Gildardo"]
[Result "1/2-1/2"]
[WhiteElo "2225"]
[BlackElo "2540"]
[EventDate "1995.12.??"]
[PlyCount "147"]

1.e4 Nf6 2.Nc3 d5 3.exd5 Nxd5 4.Bc4 e6 5.Qf3 Nb6 6.Bb3 Nc6 7.Nge2 Na5 8.d3
Nxb3 9.axb3 Nd5 10.Nxd5 Qxd5 11.Qg3 Bb4+ 12.Nc3 O-O 13.O-O Qd7 14.Ra4 Bd6 
15.Bf4 Bxf4 16.Qxf4 Qd6 17.Qe3 a6 18.Re1 Bd7 19.Rd4 Qe7 20.Ne4 Rad8 21.Ng3
Bc6 22.Rg4 Rd5 23.c4 Ra5 24.Qd2 f5 25.Qxa5 fxg4 26.Qe5 Rd8 27.Re3 Qd6 28.
Qg5 Qd4 29.Ne2 Qf6 30.Qxg4 Qxb2 31.Qxe6+ Kh8 32.f3 h6 33.Qf5 Qxb3 34.Nf4 
Qb1+ 35.Kf2 Qb2+ 36.Kg3 Qf6 37.Qxf6 gxf6 38.Re7 Rd7 39.Rxd7 Bxd7 40.Kf2 
Kg7 41.Ke3 c5 42.Ne2 Kf7 43.d4 cxd4+ 44.Kxd4 Ke6 45.Kc5 b5 46.Nc3 bxc4 47.
Kxc4 Kd6 48.Kd4 Bc6 49.Nd1 Bd7 50.Nc3 Bc6 51.Nd1 Bb5 52.Ne3 Ke6 53.Ng4 h5 
54.Nxf6 Kxf6 55.h4 Bd7 56.Kd5 a5 57.Kc5 Ke5 58.g3 Kf6 59.Kc4 Kf7 60.Kb3 
Ke7 61.Kc4 Kd6 62.Kb3 Kd5 63.Ka3 Kd4 64.Kb3 a4+ 65.Ka3 Kc4 66.g4 Bxg4 67.
fxg4 hxg4 68.h5 g3 69.h6 g2 70.h7 g1=Q 71.h8=Q Qc5+ 72.Ka2 Qf2+ 73.Qb2 
Qxb2+ 74.Kxb2 1/2-1/2

[Event "zonal 2.3"]
[Site "San Salvador ESA"]
[Date "1995.12.??"]
[Round "?"]
[White "Denny, Kevin"]
[Black "Guevara, Mario"]
[Result "0-1"]
[WhiteElo "2225"]
[BlackElo "2260"]
[EventDate "1995.12.??"]
[PlyCount "98"]

1.e4 e6 2.d4 d5 3.e5 b6 4.Bb5+ c6 5.Bd3 Ba6 6.Nf3 h5 7.O-O Nh6 8.Bg5 Be7 
9.h4 Bxd3 10.Qxd3 Nf5 11.g3 Nd7 12.Bxe7 Qxe7 13.Nbd2 g6 14.b3 Rc8 15.c4 
O-O 16.Rfe1 Rfd8 17.Rad1 Rc7 18.Nf1 Nf8 19.Ne3 Rcd7 20.Nxf5 exf5 21.e6 
Nxe6 22.Ne5 Rc7 23.Qf3 Qe8 24.Qe3 Re7 25.Nf3 Rdd7 26.Ne5 Rd6 27.Kg2 Nd8 
28.cxd5 cxd5 29.Qh6 Nc6 30.Nf3 Qf8 31.Qc1 Qe8 32.Rxe7 Qxe7 33.Ng5 Nd8 34.
Re1 Ne6 35.Re5 Qd7 36.Qe3 Kg7 37.Qe1 Kg8 38.Qe3 Kh8 39.Qd2 Nxg5 40.Qxg5 
Re6 41.f4 Kg7 42.Rxe6 Qxe6 43.Qd8 Qe4+ 44.Kh2 Qxd4 45.Qd7 Qf2+ 46.Kh3 d4 
47.Qxa7 d3 48.Qe7 Qf1+ 49.Kh2 Qe2+ 0-1

[Event "zonal 2.3"]
[Site "San Salvador ESA"]
[Date "1995.12.??"]
[Round "?"]
[White "Denny, Kevin"]
[Black "Rohl Montes, Juan"]
[Result "1/2-1/2"]
[WhiteElo "2225"]
[BlackElo "2325"]
[EventDate "1995.12.??"]
[PlyCount "78"]

1.e4 e5 2.Bc4 Nf6 3.d3 c6 4.Nf3 d5 5.Bb3 Bd6 6.Nc3 dxe4 7.Nxe4 Nxe4 8.dxe4
Bb4+ 9.Nd2 O-O 10.Qh5 Nd7 11.c3 Nf6 12.Qh4 Bc5 13.O-O Qe7 14.Nc4 Be6 15.
Ne3 Nd5 16.Qxe7 Nxe7 17.Bxe6 fxe6 18.Nc4 Rad8 19.Bg5 h6 20.Bxe7 Bxe7 21.
Rad1 Bc5 22.Rxd8 Rxd8 23.b4 Bb6 24.Rc1 Bc7 25.Kf1 b5 26.Ne3 a5 27.a3 Ra8 
28.c4 axb4 29.axb4 Bd6 30.c5 Be7 31.Rd1 Ra4 32.Rd7 Bg5 33.Rd6 Bxe3 34.fxe3
Rxb4 35.Rxc6 Rc4 36.Ke2 Kf7 37.Kf3 Rc1 38.Rc7+ Kf6 39.c6 b4 1/2-1/2

[Event "zonal 2.3"]
[Site "San Salvador ESA"]
[Date "1995.12.??"]
[Round "?"]
[White "Espinosa Flores, Rafael"]
[Black "Garcia, Gildardo"]
[Result "0-1"]
[WhiteElo "2420"]
[BlackElo "2540"]
[EventDate "1995.12.??"]
[PlyCount "58"]

1.e4 e5 2.Nf3 Nc6 3.Bb5 a6 4.Bxc6 dxc6 5.O-O Qd6 6.d3 Ne7 7.Nbd2 Ng6 8.Nc4
Qf6 9.d4 exd4 10.Bg5 Qe6 11.Qxd4 f6 12.Rad1 Be7 13.Bc1 O-O 14.b3 Qf7 15.
Qc3 Be6 16.Na5 Bc8 17.Be3 Re8 18.Rfe1 c5 19.h3 b6 20.Nc4 Bf8 21.Bc1 Bb7 
22.e5 b5 23.Na5 Bxf3 24.Qxf3 Nxe5 25.Qc3 Qg6 26.Re3 Rad8 27.Rxd8 Rxd8 28.
Bb2 Rd1+ 29.Re1 Rxe1+ 0-1

[Event "zonal 2.3"]
[Site "San Salvador ESA"]
[Date "1995.12.??"]
[Round "?"]
[White "Espinosa Flores, Rafael"]
[Black "Infante Meyer, Salvador"]
[Result "1-0"]
[WhiteElo "2420"]
[BlackElo "2205"]
[EventDate "1995.12.??"]
[PlyCount "121"]

1.e4 c5 2.c3 Nf6 3.e5 Nd5 4.d4 cxd4 5.Nf3 Nc6 6.Bc4 Nb6 7.Bb3 d5 8.exd6 
Qxd6 9.O-O Be6 10.Na3 Bxb3 11.Qxb3 Qd5 12.Nb5 Qxb3 13.axb3 Rc8 14.Re1 e6 
15.Nfxd4 a6 16.Nxc6 Rxc6 17.Nd4 Rc7 18.Bf4 Rd7 19.Be5 Rg8 20.Nf3 Nc8 21.b4
f6 22.Bd4 Kf7 23.Kf1 Bd6 24.Bc5 e5 25.Red1 Rgd8 26.Ke2 Bxc5 27.Rxd7+ Rxd7 
28.bxc5 Rc7 29.b4 Ne7 30.Kd3 Ke6 31.Nd2 Rd7+ 32.Kc2 Kd5 33.Nb3 Kc6 34.Na5+
Kc7 35.Nc4 Nc8 36.g4 Ne7 37.g5 Ng6 38.gxf6 gxf6 39.Nd6 Kc6 40.Rg1 b6 41.
Ne4 f5 42.Nf6 Rf7 43.Nxh7 Nf4 44.Ng5 Rg7 45.cxb6 Ne2 46.Re1 Rxg5 47.Rxe2 
e4 48.Kd2 Rg2 49.Ke3 Rxh2 50.Kf4 Kxb6 51.c4 a5 52.bxa5+ Kxa5 53.Rb2 Ka4 
54.c5 Ka3 55.Re2 Kb4 56.c6 Kc3 57.c7 Rh8 58.Re1 Kd2 59.Rb1 Rc8 60.Rb2+ Kd3
61.Kxf5 1-0

[Event "zonal 2.3"]
[Site "San Salvador ESA"]
[Date "1995.12.??"]
[Round "?"]
[White "Espinosa Flores, Rafael"]
[Black "Pazos Gambarrotti, Plinio"]
[Result "0-1"]
[WhiteElo "2420"]
[BlackElo "2310"]
[EventDate "1995.12.??"]
[PlyCount "138"]

1.e4 c5 2.c3 d5 3.exd5 Qxd5 4.d4 Nf6 5.Nf3 Nc6 6.Be2 e6 7.O-O Be7 8.c4 Qd8
9.dxc5 Qxd1 10.Rxd1 Bxc5 11.Nc3 O-O 12.a3 a5 13.Bf4 Bd7 14.Na4 Ba7 15.Bd6 
Rfd8 16.Nc3 Be8 17.c5 Nd7 18.Na4 f6 19.Bc7 Nxc5 20.Bxd8 Nxa4 21.Bc7 e5 22.
Bb5 Nc5 23.Bc4+ Bf7 24.Rac1 Bxc4 25.Rxc4 Rc8 26.Bd6 Rd8 27.b4 axb4 28.axb4
Ne6 29.Rcc1 e4 30.b5 exf3 31.bxc6 bxc6 32.Rxc6 Nd4 33.Ra6 Bc5 34.Kf1 Nf5 
35.Rd5 Bxd6 36.Rxf5 fxg2+ 37.Kxg2 Be5 38.Ra2 Kf7 39.Rf3 g5 40.h3 Kg6 41.
Rfa3 h5 42.Ra7 Rd3 43.Rb7 h4 44.Rba7 g4 45.f3 gxf3+ 46.Kf1 Bd4 47.Re7 f2 
48.Rxf2 Bxf2 49.Kxf2 Rxh3 50.Re4 Kg5 51.Ra4 f5 52.Ra8 Kg4 53.Rg8+ Kf4 54.
Rh8 Rh2+ 55.Kg1 Ra2 56.Rb8 Kg4 57.Kh1 f4 58.Rg8+ Kf3 59.Rb8 Kg3 60.Rg8+ 
Kf3 61.Rg7 Re2 62.Rf7 Ke3 63.Kg1 Re1+ 64.Kg2 h3+ 65.Kh2 f3 66.Re7+ Kd2 67.
Rf7 Ke2 68.Kg3 Rg1+ 69.Kh2 f2 0-1

[Event "zonal 2.3"]
[Site "San Salvador ESA"]
[Date "1995.12.??"]
[Round "?"]
[White "Fernandez, Marino"]
[Black "Barrios, Ramon"]
[Result "1/2-1/2"]
[WhiteElo "2230"]
[BlackElo "2155"]
[EventDate "1995.12.??"]
[PlyCount "92"]

1.e4 e5 2.Nf3 Nf6 3.Nc3 Bb4 4.Nxe5 O-O 5.Be2 d6 6.Nd3 Bxc3 7.dxc3 Nxe4 8.
O-O Nd7 9.c4 f5 10.f3 Nef6 11.b3 b6 12.Bb2 Bb7 13.Qd2 Re8 14.Rfe1 Qe7 15.
Bf1 Qf7 16.Qg5 Qh5 17.Qg3 Qg6 18.Qxg6 hxg6 19.Nf4 Kf7 20.Nh3 Nh7 21.Rad1 
Ndf6 22.Bd3 Rxe1+ 23.Rxe1 Re8 24.Rxe8 Nxe8 25.Nf4 Nhf6 26.h4 a5 27.Kf2 Nd7
28.h5 gxh5 29.Bxf5 Ne5 30.Bxe5 dxe5 31.Bg6+ Kf6 32.Bxe8 exf4 33.Bxh5 Bc8 
34.Bg4 Bxg4 35.fxg4 Ke5 36.Kf3 g5 37.c3 c6 38.a3 a4 39.bxa4 c5 40.a5 bxa5 
41.a4 Kd6 42.g3 fxg3 43.Kxg3 Ke5 44.Kf3 Kf6 45.Ke3 Ke5 46.Kf3 Kf6 1/2-1/2

[Event "zonal 2.3"]
[Site "San Salvador ESA"]
[Date "1995.12.??"]
[Round "?"]
[White "Fernandez, Marino"]
[Black "Pineda, Boris"]
[Result "1-0"]
[WhiteElo "2230"]
[BlackElo "2255"]
[EventDate "1995.12.??"]
[PlyCount "103"]

1.e4 c5 2.Nf3 e6 3.d3 d5 4.Nbd2 Nf6 5.g3 dxe4 6.dxe4 b6 7.Bg2 Bb7 8.O-O 
Nc6 9.e5 Nd5 10.Qe2 a5 11.Rd1 Ra7 12.Ne4 Ba6 13.c4 Rd7 14.Bg5 Qc8 15.b3 h6
16.Qb2 Ndb4 17.Be3 Bb7 18.a3 Na6 19.Rxd7 Qxd7 20.Qc2 Nd4 21.Nxd4 cxd4 22.
Rd1 Bc5 23.Bxd4 Bxe4 24.Qxe4 O-O 25.Bf3 Qe7 26.Bxc5 Nxc5 27.Qc2 Rd8 28.Be2
Nd7 29.Qb2 Nb8 30.Rxd8+ Qxd8 31.Qc3 Nc6 32.Qe3 Nd4 33.Bf1 Nc2 34.Qd3 Nd4 
35.f4 Qd7 36.Kf2 g6 37.g4 a4 38.Ke3 axb3 39.Qxd4 Qe7 40.Qb2 Qc5+ 41.Kf3 
Qg1 42.Qf2 b2 43.Qxg1 b1=Q 44.Qf2 Qc1 45.Kg2 g5 46.f5 exf5 47.gxf5 Qxa3 
48.Qd4 Qa8+ 49.Qd5 Qa2+ 50.Kg1 Qb3 51.Qd8+ Kg7 52.f6+ 1-0

[Event "zonal 2.3"]
[Site "San Salvador ESA"]
[Date "1995.12.??"]
[Round "?"]
[White "Garcia, Gildardo"]
[Black "Guevara, Mario"]
[Result "1-0"]
[WhiteElo "2540"]
[BlackElo "2260"]
[EventDate "1995.12.??"]
[PlyCount "79"]

1.e4 e6 2.d4 d5 3.Nc3 Bb4 4.e5 c5 5.a3 Bxc3+ 6.bxc3 Ne7 7.a4 Qc7 8.Nf3 b6 
9.Bb5+ Bd7 10.Bd3 Nbc6 11.O-O Na5 12.Re1 cxd4 13.cxd4 Nc4 14.Nd2 O-O 15.
Qh5 Nf5 16.Nxc4 dxc4 17.Bxf5 exf5 18.Ra3 c3 19.Re3 f4 20.Rexc3 Qb7 21.Bxf4
Qe4 22.Be3 Rac8 23.h3 Rxc3 24.Rxc3 Bxa4 25.Qe2 Qb7 26.d5 Qxd5 27.Bh6 Bxc2 
28.Bxg7 Kxg7 29.Rxc2 Qe6 30.f4 Re8 31.Qe4 Kh8 32.Rc6 Qe7 33.Rh6 f6 34.Qg6 
Rd8 35.Rxh7+ Qxh7 36.Qxf6+ Qg7 37.Qxd8+ Kh7 38.e6 Qg3 39.Qe7+ Kh8 40.Qf8+ 
1-0

[Event "zonal 2.3"]
[Site "San Salvador ESA"]
[Date "1995.12.??"]
[Round "?"]
[White "Garcia, Gildardo"]
[Black "Juarez Flores, Carlos Armando"]
[Result "1-0"]
[WhiteElo "2540"]
[BlackElo "2415"]
[EventDate "1995.12.??"]
[PlyCount "95"]

1.e4 e6 2.d4 d5 3.Nc3 Bb4 4.e5 c5 5.a3 Bxc3+ 6.bxc3 Ne7 7.Nf3 Nbc6 8.a4 
Qa5 9.Bd2 Bd7 10.Bb5 Qc7 11.O-O Na5 12.Bd3 Nc4 13.Bc1 Qa5 14.Bxc4 dxc4 15.
Ba3 Qxc3 16.Bxc5 Bc6 17.Qc1 Nf5 18.a5 Be4 19.Ng5 Qxc2 20.Qf4 Bd5 21.Rfc1 
Qe2 22.Re1 Qc2 23.Rac1 Qa4 24.g4 Nh6 25.Ne4 Bxe4 26.Qg5 Qd7 27.Rxe4 Rg8 
28.Rxc4 Rc8 29.Rc1 b6 30.axb6 axb6 31.Bxb6 Rxc1+ 32.Qxc1 Qb7 33.Qc5 f5 34.
exf6 gxf6 35.d5 Rxg4+ 36.Rxg4 Nxg4 37.dxe6 Ne5 38.f4 Nc6 39.Qh5+ Kf8 40.
Bc5+ Kg7 41.Qg4+ Kh8 42.Qf5 Kg7 43.Qd3 Kg8 44.Kf2 Qb2+ 45.Kg3 Qc1 46.e7 
Qe1+ 47.Bf2 Qe6 48.Qd8+ 1-0

[Event "zonal 2.3"]
[Site "San Salvador ESA"]
[Date "1995.12.??"]
[Round "?"]
[White "Garcia, Gildardo"]
[Black "Pazos Gambarrotti, Plinio"]
[Result "1/2-1/2"]
[WhiteElo "2540"]
[BlackElo "2310"]
[EventDate "1995.12.??"]
[PlyCount "64"]

1.e4 c5 2.Nf3 Nc6 3.d4 cxd4 4.Nxd4 g6 5.Nc3 Bg7 6.Be3 Nf6 7.Bc4 O-O 8.O-O 
d6 9.h3 Bd7 10.Bb3 Rc8 11.f4 a6 12.Qf3 Qc7 13.Rad1 b5 14.a3 Na5 15.Rfe1 e5
16.Nde2 Nxb3 17.cxb3 Bc6 18.f5 Nxe4 19.Nxe4 d5 20.f6 Bh8 21.N2c3 dxe4 22.
Qf2 Rb8 23.Bc5 Rfd8 24.Be7 Rd3 25.Rc1 Qb7 26.Qc5 Re8 27.Nd1 Bd5 28.Nf2 Bg7
29.Nxd3 exd3 30.Rxe5 Bxg2 31.Bd6 Rd8 32.Qe3 Bh1 1/2-1/2

[Event "zonal 2.3"]
[Site "San Salvador ESA"]
[Date "1995.12.??"]
[Round "?"]
[White "Garcia, Gildardo"]
[Black "Santa Torres, Luis"]
[Result "1-0"]
[WhiteElo "2540"]
[BlackElo "2285"]
[EventDate "1995.12.??"]
[PlyCount "61"]

1.e4 e6 2.d4 d5 3.Nc3 Bb4 4.e5 c5 5.a3 Bxc3+ 6.bxc3 Ne7 7.Qg4 Qc7 8.Qxg7 
Rg8 9.Qxh7 cxd4 10.Ne2 Nbc6 11.f4 Bd7 12.Qd3 dxc3 13.Nxc3 a6 14.Ne2 Rc8 
15.Bd2 b5 16.Rg1 Nf5 17.g4 Qb6 18.Rg2 Nh4 19.Rg3 Rh8 20.Rh3 Ne7 21.Nd4 Rc4
22.c3 Nc6 23.Be3 Qd8 24.Nxc6 Bxc6 25.Bd4 Qe7 26.Kf2 Rg8 27.Qg3 Nf5 28.gxf5
Rxg3 29.Rh8+ Kd7 30.f6 Rf3+ 31.Kxf3 1-0

[Event "zonal 2.3"]
[Site "San Salvador ESA"]
[Date "1995.12.??"]
[Round "?"]
[White "Guevara, Mario"]
[Black "Rohl Montes, Juan"]
[Result "1/2-1/2"]
[WhiteElo "2260"]
[BlackElo "2325"]
[EventDate "1995.12.??"]
[PlyCount "39"]

1.c4 Nf6 2.Nc3 g6 3.g3 Bg7 4.e4 O-O 5.Bg2 d6 6.Nge2 c5 7.O-O Nc6 8.h3 a6 
9.f4 Rb8 10.d3 Nd7 11.Be3 Nd4 12.a4 b6 13.Rb1 Bb7 14.b4 e6 15.Qd2 Qc7 16.
b5 axb5 17.Bxd4 cxd4 18.Nxb5 Qc5 19.Nc1 e5 20.Nb3 1/2-1/2

[Event "zonal 2.3"]
[Site "San Salvador ESA"]
[Date "1995.12.??"]
[Round "?"]
[White "Guevara, Mario"]
[Black "Zapata, Alonso"]
[Result "0-1"]
[WhiteElo "2260"]
[BlackElo "2530"]
[EventDate "1995.12.??"]
[PlyCount "62"]

1.e4 c5 2.Nf3 e6 3.d4 cxd4 4.Nxd4 Nc6 5.Nxc6 bxc6 6.Bd3 d5 7.exd5 cxd5 8.
O-O Nf6 9.c4 Be7 10.Nc3 O-O 11.cxd5 Nxd5 12.Nxd5 Qxd5 13.Qe2 Bb7 14.f3 Bf6
15.Rd1 Qa5 16.a3 Qh5 17.Rb1 Rfd8 18.Be3 a5 19.b4 axb4 20.axb4 Ra3 21.b5 g6
22.Bb6 Rd5 23.Bc7 Rdxd3 24.Rxd3 Qc5+ 25.Kh1 Rxd3 26.Qxd3 Qxc7 27.b6 Qf4 
28.Rf1 Be5 29.g3 Qb4 30.Kg2 Qxb6 31.Rb1 Qc7 0-1

[Event "zonal 2.3"]
[Site "San Salvador ESA"]
[Date "1995.12.??"]
[Round "?"]
[White "Hernandez Guerrero, Gilberto"]
[Black "Espinosa Flores, Rafael"]
[Result "1-0"]
[WhiteElo "2525"]
[BlackElo "2420"]
[EventDate "1995.12.??"]
[PlyCount "45"]

1.e4 c5 2.Nf3 Nc6 3.d4 cxd4 4.Nxd4 Nf6 5.Nc3 e5 6.Ndb5 d6 7.Bg5 a6 8.Na3 
b5 9.Bxf6 gxf6 10.Nd5 Bg7 11.Bd3 Ne7 12.Nxe7 Qxe7 13.c3 f5 14.O-O Bb7 15.
exf5 Qg5 16.f3 Bh6 17.Rf2 Qh5 18.Bxb5+ axb5 19.Qxd6 Bf4 20.f6 Qxh2+ 21.Kf1
Qh1+ 22.Ke2 Bxf3+ 23.gxf3 1-0

[Event "zonal 2.3"]
[Site "San Salvador ESA"]
[Date "1995.12.??"]
[Round "?"]
[White "Hernandez Guerrero, Gilberto"]
[Black "Fernandez, Marino"]
[Result "1-0"]
[WhiteElo "2525"]
[BlackElo "2230"]
[EventDate "1995.12.??"]
[PlyCount "47"]

1.e4 e5 2.Nf3 Nc6 3.Bb5 a6 4.Ba4 Nf6 5.O-O Be7 6.Bxc6 bxc6 7.Nxe5 Nxe4 8.
Re1 Nc5 9.d4 Ne6 10.f4 h6 11.f5 Ng5 12.Qg4 h5 13.Qe2 O-O 14.Qxh5 c5 15.Nc3
Bb7 16.Bxg5 Bxg5 17.dxc5 Bd2 18.Ne4 Bxe4 19.Rxe4 Qe7 20.Rh4 Bh6 21.Ng4 
Qxc5+ 22.Kh1 Rfb8 23.Nxh6+ gxh6 24.Qxh6 1-0

[Event "zonal 2.3"]
[Site "San Salvador ESA"]
[Date "1995.12.??"]
[Round "?"]
[White "Hernandez Guerrero, Gilberto"]
[Black "Guevara, Mario"]
[Result "1/2-1/2"]
[WhiteElo "2525"]
[BlackElo "2260"]
[EventDate "1995.12.??"]
[PlyCount "77"]

1.e4 e6 2.d3 c5 3.g3 Nc6 4.Bg2 g6 5.f4 d5 6.Nd2 Bg7 7.Ngf3 Nge7 8.O-O b5 
9.Re1 O-O 10.e5 Bb7 11.Nb3 c4 12.Nc5 Rc8 13.d4 Rc7 14.c3 a5 15.Be3 Nb8 16.
g4 Nd7 17.Nxd7 Qxd7 18.Qd2 Nc6 19.Re2 Bc8 20.h4 f6 21.exf6 Bxf6 22.Bh3 Qf7
23.Rf1 Re7 24.Bf2 Qe8 25.Bg3 Rff7 26.Re3 Bd7 27.Qe2 b4 28.Re1 a4 29.Qd2 
Qb8 30.Kh2 Qb6 31.a3 bxc3 32.bxc3 Qb3 33.Qc1 Bc8 34.R1e2 Na7 35.h5 Rb7 36.
g5 Bg7 37.hxg6 hxg6 38.Nh4 Nb5 39.Nxg6 1/2-1/2

[Event "zonal 2.3"]
[Site "San Salvador ESA"]
[Date "1995.12.??"]
[Round "?"]
[White "Infante Meyer, Salvador"]
[Black "Denny, Kevin"]
[Result "1-0"]
[WhiteElo "2205"]
[BlackElo "2225"]
[EventDate "1995.12.??"]
[PlyCount "81"]

1.e4 c5 2.Nf3 Nc6 3.d3 g6 4.g3 Bg7 5.Bg2 e6 6.O-O Nge7 7.Nbd2 O-O 8.Re1 d5
9.e5 h6 10.h4 f5 11.exf6 Rxf6 12.Nb3 b6 13.Bf4 Rxf4 14.gxf4 Nf5 15.c4 Kh7 
16.cxd5 exd5 17.h5 gxh5 18.Ng5+ hxg5 19.Qxh5+ Bh6 20.Qf7+ Ng7 21.Bxd5 Bf5 
22.Bxc6 Rc8 23.Re8 Qxe8 24.Bxe8 Rxe8 25.fxg5 Bxg5 26.Kg2 Re6 27.Rh1+ Bh6 
28.Nc1 Rg6+ 29.Kf1 a5 30.Ke2 Bg4+ 31.f3 Bf5 32.Kf2 Re6 33.Ne2 Bg6 34.Qc7 
Be8 35.Ng3 Kg8 36.Ne4 Bc6 37.Qd8+ Kf7 38.Nd6+ Kg6 39.Rg1+ Kh7 40.Nf5 Be8 
41.Nxh6 1-0

[Event "zonal 2.3"]
[Site "San Salvador ESA"]
[Date "1995.12.??"]
[Round "?"]
[White "Infante Meyer, Salvador"]
[Black "Pineda, Boris"]
[Result "1/2-1/2"]
[WhiteElo "2205"]
[BlackElo "2255"]
[EventDate "1995.12.??"]
[PlyCount "20"]

1.e4 c6 2.d4 d5 3.Nd2 dxe4 4.Nxe4 Nd7 5.Nf3 Ngf6 6.Nxf6+ Nxf6 7.Bd3 e6 8.
O-O Be7 9.Bg5 O-O 10.Qe2 Qb6 1/2-1/2

[Event "zonal 2.3"]
[Site "San Salvador ESA"]
[Date "1995.12.??"]
[Round "?"]
[White "Infante Meyer, Salvador"]
[Black "Santa Torres, Luis"]
[Result "1/2-1/2"]
[WhiteElo "2205"]
[BlackElo "2285"]
[EventDate "1995.12.??"]
[PlyCount "114"]

1.Nf3 f5 2.e4 fxe4 3.Ng5 Nf6 4.d3 d5 5.dxe4 h6 6.Nf3 dxe4 7.Qxd8+ Kxd8 8.
Ne5 Be6 9.Nc3 Nbd7 10.Ng6 Rg8 11.Bf4 Bf7 12.Ne5 Nxe5 13.Bxe5 c6 14.O-O-O+ 
Ke8 15.Be2 Rd8 16.Rxd8+ Kxd8 17.Bb8 a6 18.Rd1+ Kc8 19.Be5 e6 20.g3 Bc5 21.
Bxf6 gxf6 22.Nxe4 Be7 23.Nd6+ Bxd6 24.Rxd6 Rd8 25.Rxd8+ Kxd8 26.f4 Ke7 27.
b4 Kd6 28.Bc4 Bg6 29.Kd2 Bf5 30.c3 c5 31.Ke3 cxb4 32.cxb4 e5 33.a3 Bc8 34.
Ke4 b6 35.fxe5+ fxe5 36.h4 a5 37.Be2 Bd7 38.Bc4 axb4 39.axb4 Bg4 40.Bf7 
Bh3 41.Kf3 Bd7 42.g4 Bc6+ 43.Ke3 Ke7 44.Bg6 Kf6 45.Be4 Bd7 46.Bf3 Bb5 47.
Ke4 Bc6+ 48.Ke3 Bb5 49.Kd2 Bd7 50.Kd3 Bb5+ 51.Kc3 Ba6 52.Kd2 Bb5 53.Be2 
Bc6 54.Kc3 Bd5 55.Bd1 Be6 56.Kd3 Bd5 57.Ke3 Bc6 1/2-1/2

[Event "zonal 2.3"]
[Site "San Salvador ESA"]
[Date "1995.12.??"]
[Round "?"]
[White "Juarez Flores, Carlos Armando"]
[Black "Barrios, Ramon"]
[Result "1-0"]
[WhiteElo "2415"]
[BlackElo "2155"]
[EventDate "1995.12.??"]
[PlyCount "81"]

1.e4 e5 2.Bc4 Nf6 3.d3 Nc6 4.Nf3 d6 5.Ng5 d5 6.exd5 Na5 7.O-O Nxc4 8.dxc4 
Bd6 9.Nc3 Bf5 10.Qe2 O-O 11.f3 Bg6 12.Kh1 Nh5 13.Nge4 f5 14.Nxd6 cxd6 15.
f4 e4 16.Nb5 a6 17.Nd4 Qh4 18.Qf2 Qxf2 19.Rxf2 Nf6 20.b3 Rfe8 21.Ba3 Rad8 
22.Re1 Rd7 23.h3 Rb8 24.Kh2 Re8 25.Rff1 h5 26.Kg3 Kh7 27.Kf2 Kg8 28.Ke3 b5
29.Nc6 bxc4 30.bxc4 Bf7 31.Rb1 h4 32.Bb4 Rc8 33.Bxd6 Kh7 34.Ne5 Rxd6 35.
Nxf7 Rd7 36.Ne5 Rd6 37.Rb7 Nxd5+ 38.cxd5 Rxd5 39.c4 Ra5 40.Rf2 Ra3+ 41.Rb3
1-0

[Event "zonal 2.3"]
[Site "San Salvador ESA"]
[Date "1995.12.??"]
[Round "?"]
[White "Juarez Flores, Carlos Armando"]
[Black "Fernandez, Marino"]
[Result "1-0"]
[WhiteElo "2415"]
[BlackElo "2230"]
[EventDate "1995.12.??"]
[PlyCount "91"]

1.e4 e5 2.Bc4 Nf6 3.d3 c6 4.Nf3 d5 5.Bb3 Bb4+ 6.c3 Bd6 7.Nbd2 O-O 8.O-O 
Nbd7 9.Re1 dxe4 10.dxe4 Bc7 11.Nc4 Qe7 12.Bc2 Rd8 13.Qe2 Nf8 14.Ne3 g6 15.
a4 Ne6 16.g3 Nh5 17.Nc4 Qf6 18.a5 h6 19.h4 Kg7 20.Nh2 Nf8 21.Qe3 Nh7 22.
Qxh6+ Kg8 23.Qe3 Be6 24.Qe2 Qe7 25.b3 b5 26.axb6 axb6 27.Ba3 c5 28.Ne3 
N7f6 29.c4 Ra5 30.Bb2 Rxa1 31.Rxa1 Bb8 32.Re1 Rd7 33.Nd5 Qe8 34.Qe3 b5 35.
Qxc5 bxc4 36.bxc4 Bxd5 37.exd5 Nxg3 38.Qb4 Bd6 39.c5 Nxd5 40.Qb3 Bxc5 41.
Qxg3 Nf4 42.Ng4 Rd2 43.Bxe5 Nh5 44.Qc3 Qd7 45.Nh6+ Kh7 46.Qxc5 1-0

[Event "zonal 2.3"]
[Site "San Salvador ESA"]
[Date "1995.12.??"]
[Round "?"]
[White "Juarez Flores, Carlos Armando"]
[Black "Infante Meyer, Salvador"]
[Result "1-0"]
[WhiteElo "2415"]
[BlackElo "2205"]
[EventDate "1995.12.??"]
[PlyCount "87"]

1.e4 c5 2.Nf3 d6 3.d4 cxd4 4.Nxd4 Nf6 5.Nc3 a6 6.Be2 e6 7.O-O Nbd7 8.f4 b5
9.Bf3 Bb7 10.a3 Qc7 11.Kh1 Be7 12.Qe2 Rd8 13.g4 O-O 14.g5 Ne8 15.f5 Ne5 
16.fxe6 Nxf3 17.Rxf3 f6 18.Nd5 Bxd5 19.exd5 Rc8 20.Rc3 Qb7 21.Nc6 Rc7 22.
Qh5 g6 23.Qh4 Ng7 24.Qe4 fxg5 25.Bd2 Rf5 26.Re1 Qa8 27.Qg2 h6 28.Nd4 Rxc3 
29.Nxf5 Nxf5 30.Bxc3 Kh7 31.Qe4 h5 32.Rf1 Qf8 33.Kg1 g4 34.Bd4 Qh6 35.Rxf5
gxf5 36.Qxf5+ Qg6 37.Qf2 h4 38.b3 h3 39.Kf1 Kg8 40.Bc3 Kh7 41.Qd4 Kh6 42.
Qh8+ Qh7 43.Bg7+ Kg6 44.Qe8+ 1-0

[Event "zonal 2.3"]
[Site "San Salvador ESA"]
[Date "1995.12.??"]
[Round "?"]
[White "Juarez Flores, Carlos Armando"]
[Black "Rohl Montes, Juan"]
[Result "0-1"]
[WhiteElo "2415"]
[BlackElo "2325"]
[EventDate "1995.12.??"]
[PlyCount "74"]

1.d4 Nf6 2.c4 g6 3.Nc3 Bg7 4.e4 O-O 5.f3 d6 6.Be3 e5 7.Nge2 c6 8.Qd2 Nbd7 
9.O-O-O exd4 10.Nxd4 Ne5 11.Kb1 d5 12.cxd5 cxd5 13.Nb3 Be6 14.exd5 Bf5+ 
15.Ka1 Rc8 16.Nd4 Bd7 17.Be2 Nc4 18.Bxc4 Rxc4 19.Rc1 Qa5 20.Nb3 Qb4 21.Bh6
Rfc8 22.Bxg7 Kxg7 23.Qe3 a5 24.Nd2 Re8 25.Qf2 Rf4 26.a3 Qd6 27.g3 Rf5 28.
Qd4 b5 29.f4 b4 30.Nde4 Qc7 31.d6 Qd8 32.Nxf6 Qxf6 33.Qxf6+ Rxf6 34.Na2 b3
35.Nc3 Rxd6 36.Rcd1 Rxd1+ 37.Rxd1 Bf5 0-1

[Event "zonal 2.3"]
[Site "San Salvador ESA"]
[Date "1995.12.??"]
[Round "?"]
[White "Pazos Gambarrotti, Plinio"]
[Black "Davila, Carlos"]
[Result "1/2-1/2"]
[WhiteElo "2310"]
[BlackElo "2310"]
[EventDate "1995.12.??"]
[PlyCount "87"]

1.e4 c5 2.Nf3 e6 3.c3 Nf6 4.e5 Nd5 5.d4 cxd4 6.cxd4 d6 7.Nc3 Nc6 8.exd6 
Qxd6 9.Bd3 Be7 10.O-O O-O 11.Re1 Nf6 12.Nb5 Qd8 13.Ne5 a6 14.Nxc6 bxc6 15.
Nc3 c5 16.dxc5 Bxc5 17.Bg5 h6 18.Bxf6 Qxf6 19.Ne4 Qe7 20.Nxc5 Qxc5 21.Rc1 
Qb4 22.Qe2 Bb7 23.Rc4 Qe7 24.Bb1 Rac8 25.Rec1 Rxc4 26.Rxc4 Rd8 27.h4 Qd6 
28.Bc2 Bc6 29.Rc3 a5 30.Qd3 Qxd3 31.Bxd3 Bd5 32.b3 g5 33.hxg5 hxg5 34.f3 
Kg7 35.Kf2 f5 36.Ke2 Kf6 37.Rc5 Ra8 38.Bc4 Bxc4+ 39.Rxc4 Rb8 40.Kd3 Rb5 
41.Rd4 Rc5 42.Rc4 Rb5 43.Rd4 Rc5 44.Rc4 1/2-1/2